000 00204 a2200097 4500
001 3377
100 _aShaw, M.C
245 _aMetal cutting principles
260 _a
_bM.I.T press
_c
090 _c2654
_d2654
942 _aNUST-CAE
_cM
_c18380
999 _c238450
_d238450